Normal view
MARC view
- الدويك، تيسير مؤلف/ياسين، حسين م.مشارك/عدس، محمد عبد الرحيم م.مشارك/الدويك، محمد فهمي م.مشارك
Entry Personal Name
001 - CONTROL NUMBER
- control field: 41825
003 - CONTROL NUMBER IDENTIFIER
- control field: JO-AjAnu
005 - DATE AND TIME OF LATEST TRANSACTION
- control field: 20230606080938.0
008 - FIXED-LENGTH DATA ELEMENTS
- fixed length control field: 230606|| aca||aabn | a|a d
040 ## - CATALOGING SOURCE
- Original cataloging agency: JO-AjAnu
- Transcribing agency: JO-AjAnu
100 ## - HEADING--PERSONAL NAME
- Personal name: الدويك، تيسير مؤلف/ياسين، حسين م.مشارك/عدس، محمد عبد الرحيم م.مشارك/الدويك، محمد فهمي م.مشارك
670 ## - SOURCE DATA FOUND
- Source citation: Work cat.: (JO-AjAnu)21431: الدويك، تيسير مؤلف/ياسين، حسين م.مشارك/عدس، محمد عبد الرحيم م.مشارك/الدويك، محمد فهمي م.مشارك, author, أسس الإدارة التربوية والمدرسية والإشراف التربوي